| 000 | 00349nam a2200145Ia 4500 | ||
|---|---|---|---|
| 005 | 20250401013949.0 | ||
| 008 | 240331s9999 xx 000 0 und d | ||
| 082 |
_a894 _bAAA |
||
| 100 | _aVoor,T | ||
| 245 | 0 | _aA, AA, I E | |
| 260 |
_aNetherland _bIlankkai Kalasarakkulu _c1994 |
||
| 300 | _a54 p ., | ||
| 500 | _aTamil Pugalita Sanjikai | ||
| 942 | _cL | ||
| 999 |
_c3849 _d3849 |
||